Missing Word: Chat Acronyms Quiz Stats

 Plays Quiz Updated Mar 5, 2016

Challenge
Share
Tweet
Embed
Score 0/22 Timer 03:00
1 Play Today
Translation Missing Word % Correct
Laughing out ____Loud
99.9%
Be ____ backRight
99.4%
By the ____Way
99.4%
____ to you laterTalk
99.2%
____ much informationToo
98.9%
Oh my ____God
98.9%
I ____ youLove
98.2%
___ to goGot
98.2%
I don't ____Know
98.1%
Best friend ____Forever
98.1%
Thank god it's ____Friday
97.8%
Translation Missing Word % Correct
For your ____Information
97.7%
Be ____ laterBack
97.4%
Mind your own ____ Business
97.2%
In real ___Life
96.2%
Ta ta for ____Now
95.9%
In my ____ opinionHumble
94.9%
____ on the floor laughingRolling
94.8%
No ____Problem
85%
Just a ____Second
70.2%
For the ____Win
56.7%
Not safe for ____Work
49.8%

Today's Daily Dose

You're not logged in!

Compare scores with friends on all Sporcle quizzes.
Join for Free
OR
Log In

You Might Also Like...

Show Comments

Extras

Top Quizzes Today


Score Distribution

Your Account Isn't Verified!

In order to create a playlist on Sporcle, you need to verify the email address you used during registration. Go to your Sporcle Settings to finish the process.

Report this User

Report this user for behavior that violates our Community Guidelines.

Details: